00660 a2200169 4500020001800000082001500018090001500033100002500048245009200073260003200165300001100197650005400208700002500262942002300287999001700310952016300327 a9780071508582 a621.381044 c7132d7132 aBasso, Christophe P. aSwitch-mode power supplies SPICE simulations and practical designscChristophe P. Basso aNew YorkbMcGraw Hillc2008 a889 p. aSwitching power supplies--Design and construction a Christophe P. Basso cBKk621.381044 BAS c10936d10936 001040708NFICaCLbCLcGENd2012-07-10eProgressive International Agenciesg7559.02l1o621.381044 BASpSEECS011351r2022-10-01s2022-02-18w2017-01-05yBK